000 01375nam a22004097a 4500
001 000106832
003 CHAP
005 20220817044526.0
008 120607s2011 it a rn 00010 eng d
010 _a103294
011 _a104266
035 _a114956
040 _cCHAP
082 0 4 _a338.1731
_bF21y
110 2 _aFAO
245 1 0 _aFood outlook :
_bglobal market analysis /
_cpor FAO.
260 _aRoma :
_bFAO,
_c2011-.
300 _av. :
_bilus., gráfs., cuadros.
505 0 _aLa biblioteca tiene : (2011 nov.). -- (2012 may., nov.)
590 _aBATCH-UPD
_b10
_c20130110
_lUCH01
_h1031
590 _aBATCH-UPD
_b10
_c20130410
_lUCH01
_h0634
590 _aBATCH-UPD
_b10
_c20130913
_lUCH01
_h2100
590 _aCONVERSION
_b10
_c20130109
_lUCH01
_h1357
590 _aE5995AHE
_b05
_c20140313
_lUCH01
_h1216
590 _aE5995AHE
_b05
_c20140313
_lUCH01
_h1222
650 4 _aAgricultura
_xFinanzas.
_91486
650 4 _aCereales
_xMercadeo.
_921435
650 4 _aComercio.
_925557
650 4 _aMercadeo.
_974880
650 4 _aProductos agrícolas
_xMercadeo.
_991951
650 4 _aProductos pecuarios.
_992156
901 _aBK
942 _cLIBRO
942 _n0
949 _a338.1731 F21y
_bBC
_cFAO
_d33724002333231
_eFAO1
_f2011 nov.
_gDonaciØn
_h116683
_i114956
_sb
949 _a338.1731 F21y
_bBC
_cFAO
_d33724002346256
_eFAO1
_f2012 may.
_gDonaciØn
_h117369
_i114956
_sb
999 _c103294
_d103294